000 00548nam a22001937a 4500
003 KOHA_MİRAKIL
005 20251209090504.0
008 251209b tu ||||| |||| 00| 0 tur d
020 _a9786258352139
040 _aTR-AnABB
_btur
_cTR-AnABB
041 _atur
082 _a956.1015
_bIBR 2022
100 1 _aİbrahim Müteferrika
245 1 0 _aUsulü'l-hikem fî nizâmi'l-ümem
260 _aAnkara :
_bTürkiye Bilimler Akademisi,
_c2022
300 _a259 sayfa ;
_c24 cm
650 0 4 _aOsmanlı İmparatorluğu
942 _2ddc
_cBK
999 _c9713
_d9713
900 _bGizem YORULMAZ